Premier League Teams' Most Used XI 22/23 - Statistics

General Stats
  • This quiz has been taken 83 times
    82 since last reset
  • The average score is 125 of 220
Answer Stats
Position % Correct
Arsenal GK Aaron Ramsdale
97%
Wolves GK José Sá
96%
Arsenal FW Bukayo Saka
93%
Manchester City FW Erling Haaland
92%
Arsenal FW Gabriel Jesus
91%
Arsenal DF Ben White
89%
Aston Villa GK Emiliano Martinez
89%
Arsenal FW Gabriel Martinelli
89%
Manchester United DF Lisandro Martínez
89%
Arsenal MF Martin Ødegaard
89%
Arsenal DF William Saliba
89%
Manchester United GK David de Gea
88%
Chelsea GK Kepa Arrizabalaga
88%
Manchester United FW Marcus Rashford
88%
Nottingham Forest MF Morgan Gibbs-White
88%
Manchester City DF Ruben Dias
88%
Manchester City MF Bernardo Silva
87%
Manchester City GK Ederson
87%
Manchester City DF Kyle Walker
87%
Manchester United DF Luke Shaw
87%
Arsenal DF Oleksandr Zinchenko
87%
Chelsea DF Thiago Silva
87%
Liverpool GK Alisson
86%
Nottingham Forest GK Dean Henderson
86%
Arsenal DF Gabriel
86%
Manchester City MF Jack Grealish
86%
Liverpool MF Jordan Henderson
86%
Manchester City MF Kevin De Bruyne
86%
Manchester City DF Nathan Ake
86%
Manchester City MF Rodri
86%
Tottenham Hotspur GK Hugo Lloris
84%
Liverpool FW Mohammed Salah
84%
Arsenal MF Thomas Partey
84%
Liverpool DF Trent Alexander-Arnold
84%
Liverpool DF Andy Robertson
83%
Manchester United MF Bruno Fernandes
83%
Manchester United MF Casemiro
83%
Tottenham Hotspur FW Harry Kane
83%
Liverpool DF Virgil Van Dijk
83%
Arsenal MF Granit Xhaka
82%
Tottenham Hotspur FW Son Heung-min
82%
Manchester United DF Raphaël Varane
80%
Liverpool FW Darwin Núñez
79%
Manchester United DF Diogo Dalot
79%
Liverpool DF Ibrahima Konaté
79%
Everton GK Jordan Pickford
79%
Newcastle GK Nick Pope
79%
Brentford FW Ivan Toney
78%
Manchester United FW Jadon Sancho
78%
Newcastle DF Kieran Trippier
78%
Brighton GK Robert Sanchez
78%
Liverpool MF Fabinho
76%
Manchester City DF Manuel Akanji
76%
Aston Villa FW Ollie Watkins
76%
Newcastle FW Callum Wilson
75%
Manchester City MF Ilkay Gündogan
75%
Crystal Palace DF Joel Ward
75%
Leicester GK Joel Ward
75%
Chelsea FW Raheem Sterling
75%
West Ham MF Declan Rice
74%
Leicester FW Jamie Vardy
74%
Liverpool FW Cody Gakpo
72%
Chelsea FW Kai Havertz
72%
Fulham FW Aleksandar Mitrović
71%
Tottenham Hotspur DF Eric Dier
71%
Fulham GK Bernd Leno
70%
Manchester United MF Christian Eriksen
70%
Leicester MF James Maddison
70%
Chelsea MF Mason Mount
70%
Brighton MF Moises Caicedo
70%
Brentford GK Raya
70%
Crystal Palace FW Wilfred Zaha
70%
Manchester United FW Antony
68%
Tottenham Hotspur FW Dejan Kulusevski
68%
Tottenham Hotspur DF Cristian Romero
67%
Newcastle DF Dan Burn
67%
Brighton MF Kaoru Mitoma
67%
Bournemouth GK Neto
67%
Newcastle MF Bruno Guimarães
66%
Newcastle DF Fabian Schär
66%
West Ham FW Michail Antonio
64%
Newcastle DF Sven Botman
64%
Leicester MF Youri Tielemans
64%
Leeds GK Illan Meslier
63%
West Ham GK Lukasz Fabianski
63%
Newcastle FW Miguel Almirón
63%
Aston Villa DF Tyrone Mings
63%
Southampton FW Che Adams
62%
Crystal Palace MF Eberechi Eze
62%
Southampton MF James Ward-Prowse
62%
Brighton DF Lewis Dunk
62%
Tottenham Hotspur MF Pierre-Emile Højbjerg
62%
Leeds MF Tyler Adams
62%
Brighton MF Alexis Mac Allister
61%
Brighton FW Danny Welbeck
61%
Bournemouth FW Dominic Solanke
61%
West Ham MF Jarrod Bowen
61%
Newcastle MF Joelinton
61%
Brighton DF Pervis Estupinan
61%
Tottenham Hotspur DF Ben Davies
59%
Leicester MF Harvey Barnes
59%
Liverpool MF Harvey Elliott
59%
Chelsea DF Kalidou Koulibaly
59%
Leeds FW Patrick Bamford
59%
Brighton MF Pascal Groß
58%
Brentford FW Byran Mbuemo
57%
Aston Villa MF John McGinn
57%
Aston Villa FW Leon Bailey
57%
Aston Villa DF Lucas Digne
57%
Chelsea DF Marc Cucurella
57%
Wolves MF Ruben Neves
57%
Everton DF Seamus Coleman
57%
Fulham FW Willian
57%
Everton MF Abdoulaye Doucoure
55%
Crystal Palace MF Cheick Doucoure
55%
Tottenham Hotspur DF Emerson
54%
Chelsea MF Enzo Fernandez
54%
Aston Villa DF Ezri Konsa
54%
Crystal Palace MF Michael Olise
54%
West Ham MF Tomas Soucek
53%
Leicester DF Wout Faes
53%
Fulham MF Andreas Pereira
51%
Chelsea MF Conor Gallagher
51%
Aston Villa FW Emiliano Buendia
51%
Everton DF James Tarkowski
51%
Crystal Palace GK Vicente Guaita
51%
Everton MF Amadou Onana
50%
Nottingham Forest FW Brennan Johnson
50%
Everton DF Conor Coady
50%
Crystal Palace FW Jordan Ayew
50%
Crystal Palace DF Marc Guehi
50%
Brighton MF Solly March
50%
Fulham DF Antonee Robinson
49%
Brentford DF Ben Mee
49%
Aston Villa MF Douglas Luiz
49%
Southampton DF Kyle Walker-Peters
49%
Fulham DF Tim Ream
49%
West Ham DF Vladimir Coufal
49%
Southampton GK Gavin Bazunu
47%
Crystal Palace DF Joachim Andersen
47%
Fulham MF João Palhinha
47%
West Ham DF Kurt Zouma
47%
Leeds FW Rodrigo
47%
Newcastle MF Sean Longstaff
47%
Everton MF Alex Iwobi
46%
Newcastle MF Joe Willock
46%
Bournemouth MF Philip Billing
46%
Brentford DF Rico Henry
46%
Leeds MF Brenden Aaronson
45%
Brighton DF Adam Webster
43%
Everton FW Demarai Gray
43%
Tottenham Hotspur MF Ivan Perišić
43%
Leeds MF Jack Harrison
43%
Aston Villa MF Jacob Ramsey
43%
Fulham DF Kenny Tete
43%
West Ham DF Aaron Cresswell
42%
Bournemouth DF Adam Smith
42%
Brentford MF Christian Nørgaard
42%
Fulham MF Harrison Reed
42%
Brighton DF Joel Veltman
42%
Leicester DF Timothy Castagne
42%
Crystal Palace DF Tyrick Mitchell
42%
Aston Villa DF Ashley Young
41%
Everton MF Idrissa Gueye
41%
Wolves MF Joao Moutinho
41%
West Ham MF Lucas Paqueta
41%
Brentford MF Mathias Jensen
41%
Everton DF Vitaliy Mykolenko
41%
Wolves DF Nélson Semedo
39%
Leeds DF Robin Koch
39%
Southampton MF Roméo Lavia
39%
West Ham MF Saïd Benrahma
39%
Fulham FW Bobby Decordova-Reid
38%
Everton MF Dwight McNeil
38%
Leeds DF Luke Ayling
38%
Wolves MF Matheus Nunes
38%
Brentford DF Ethan Pinnock
37%
Nottingham Forest DF Serge Aurier
37%
Southampton MF Stuart Armstrong
37%
Chelsea DF Trevoh Chalobah
37%
Wolves FW Diego Costa
36%
Leicester MF Kiernan Dewsbury-Hall
36%
Chelsea MF Ruben Loftus-Cheek
36%
Wolves DF Max Kilman
34%
Nottingham Forest DF Neco Williams
34%
Brentford DF Aaron Hickey
33%
Tottenham Hotspur DF Clément Lenglet
33%
Leicester DF James Justin
33%
Bournemouth MF Lewis Cook
33%
Bournemouth DF Marco Senesi
33%
Bournemouth MF Marcus Tavernier
33%
Crystal Palace MF Jeffrey Schlupp
32%
Brentford MF Vitaly Janelt
32%
Leeds DF Rasmus Kristensen
30%
Southampton DF Jan Bednarek
29%
Nottingham Forest DF Renan Lodi
29%
Wolves DF Craig Dawson
28%
Wolves DF Nathan Collins
28%
West Ham DF Thilo Kehrer
28%
Leeds DF Pascal Struijk
26%
Leicester DF Daniel Amartey
25%
Wolves MF Daniel Podence
25%
Bournemouth MF Jefferson Lerma
25%
Nottingham Forest DF Joe Worrall
24%
Southampton DF Mohammed Salisu
24%
Bournemouth MF Ryan Christie
24%
Southampton DF Armel Bella-Kotchap
22%
Leeds MF Marc Roca
22%
Nottingham Forest MF Remo Freuler
22%
Bournemouth DF Chris Mepham
21%
Bournemouth DF Lloyd Kelly
20%
Nottingham Forest MF Ryan Yates
20%
Nottingham Forest DF Scot McKenna
20%
Leicester MF Boubakary Soumaré
18%
Fulham DF Tosin Adarabioyo
17%
Wolves MF Mario Lemina
14%
Nottingham Forest MF Orel Mangala
14%
Southampton DF Romain Perraud
12%
Southampton MF Mohamed Elyounoussi
5%
Brentford FW Yoane Wissa
1%
No matching quizzes found
Score Distribution
Percent of People with Each Score
Percentile by Number Answered
Your Score History
You have not taken this quiz since the last reset